| 000 | 00735nam a2200217Ia 4500 | ||
|---|---|---|---|
| 003 | GCL | ||
| 008 | 140319s9999 xx 000 0 ara d | ||
| 020 | _a8334291977 | ||
| 040 |
_aGCL / _cGCL |
||
| 082 | 0 | 4 |
_a153.25 _bم ا |
| 100 | 1 | _aمحمد لطفى حسن | |
| 245 | 1 | 0 |
_aانت وقواك الخفية : _bنحو الحاسة السابعة للانسان / _cمحمد لطفى حسن |
| 250 | _aالاولى | ||
| 260 |
_aالقاهرة : _bمركز الحضارة العربية للاعلام والنشر ، _c2001 |
||
| 300 |
_a150 ص ؛ _c10 سم |
||
| 650 | 0 | 4 | _aالاضطرابات النفسية |
| 650 | 0 | 4 | _aالاكتئاب النفسى |
| 650 | 0 | 4 | _aالتوتر |
| 650 | 0 | 4 | _aالحواس |
| 942 |
_2ddc _cBK |
||
| 999 |
_c5600 _d5600 |
||